L'art des bruits: manifieste futuriste 1913
Guardado en:
| Autor principal: | |
|---|---|
| Formato: | Libro |
| Lenguaje: | francés |
| Publicado: |
París
Richard-Masse
1954
|
| Materias: | |
| Etiquetas: |
Agregar Etiqueta
Sin Etiquetas, Sea el primero en etiquetar este registro!
|
MARC
| LEADER | 00000nam a2200000 a 4500 | ||
|---|---|---|---|
| 001 | UCY9212 | ||
| 003 | CL-VaPUC | ||
| 005 | 20240729114729.0 | ||
| 008 | 950713e19540000FR |||||||||||||||||fre|d | ||
| 999 | |c 236338 |d 236336 | ||
| 040 | |c Pontificia Universidad Católica de Valparaíso | ||
| 082 | 0 | 4 | |a 781.230945 RUS 1954 |b |2 21 |
| 100 | |a Russolo, Luigi, |e autor |d 1885-1947 |9 341289 | ||
| 245 | 1 | 2 | |a L'art des bruits: manifieste futuriste 1913 |
| 260 | |a París |b Richard-Masse |c 1954 | ||
| 300 | |a 47 p | ||
| 583 | |a last modification |c 19950713 00:00:00 |k Rodrigo Vera | ||
| 650 | 0 | |a Arte futurista |9 341290 | |
| 650 | 0 | |a Filosofía del arte |9 264951 | |
| 942 | |c BK |2 ddc | ||
| 945 | |d 19950713 00:00:00 |a rbrito | ||
| 952 | |0 0 |1 0 |2 ddc |4 0 |6 781_230945000000000_RUS_1954 |7 0 |8 A |9 244388 |a BIBART |b BIBART |d 2019-11-18 |i 310236K |o 781.230945 RUS 1954 |p 310236K |r 2025-03-13 |w 2019-11-18 |y BK |k ART | ||